00329nam a2200121Ia 45000010005000000080041000050820028000461000019000742450043000932600030001369010026001669990015001923998241024s9999 xx 000 0 und d aRD/923.27293/G633d/2015 aWilson Gómez 0aDuarte. Y la Simbología Patriótica bInstituto Duartianoc2015 a4/7/2015 2:45:41 a.m. c7650d7650